| 000 | 00705nam a2200205Ia 4500 | ||
|---|---|---|---|
| 001 | 12636 | ||
| 003 | GE_BSU | ||
| 008 | 181216s||||||||xx |||||||||||||| ||und|| | ||
| 040 | _cGE_BSU | ||
| 080 | _a634.1 | ||
| 100 | _aТуркин,В.А. | ||
| 245 | _aИспользование дикорастущих плодовоягодных и орехоплодных растении | ||
| 245 | _cРед.Б.Я.Крывошлык | ||
| 260 | _aМосква | ||
| 260 | _bСельхозгиз | ||
| 260 | _c1954 | ||
| 300 | _a439стр.илл.21см. | ||
| 653 | _aИспользование дикорастущих плодовоягодных и орехоплодных растении | ||
| 942 | _cBK | ||
| 999 |
_c45808 _d45808 |
||